000 00657nam a2200193 i 4500
001 59278
003 ES-MaACL
007 t|
008 031028s1985 sp ||||1| spa d
100 1 _aElliott, Philip.
_947043
245 1 0 _aSociología de las profesiones /
_cPhilip Elliott ; [traducción por Esther Seivane Vázquez].
260 _aMadrid :
_bTecnos,
_c[1975]
300 _a166 p. ;
_c24 cm.
490 1 _aColección de ciencias sociales. Serie sociología
700 1 _aSeivane Vázquez, Esther.
_9105276
830 0 0 _aColección de ciencias sociales (Tecnos)
_9182672
852 _aES-MaACL
_jE-7011
_bR.91308
999 _c59278
_d59278